[Event "ch-city B"]
[Site "Warszawa"]
[Date "2013.05.11"]
[Round "1.1"]
[White "Woloszyn, Piotr"]
[Black "Bitowt, Jacek"]
[Result "1/2-1/2"]
[WhiteElo "1533"]
[BlackElo "1898"]
[PlyCount "84"]
[EventDate "2013.05.11"]
[EventType "swiss"]
[EventRounds "9"]
[EventCountry "POL"]

1. g3 d5 2. d4 f5 3. Nf3 Nf6 4. Bg2 e6 5. O-O Bd6 6. c4 c6 7. c5 Bc7 8. a3 O-O
9. b4 Nbd7 10. Bb2 Ne4 11. e3 Ndf6 12. Ne5 Bd7 13. Nxd7 Qxd7 14. f4 a5 15. Nd2
axb4 16. Nxe4 dxe4 17. axb4 Nd5 18. Qd2 Rfb8 19. Rfb1 Qe8 20. Bc1 Rxa1 21. Rxa1
Ra8 22. Rb1 h5 23. Bf1 h4 24. Qg2 Qh5 25. Be2 Qh6 26. Bc4 h3 27. Qc2 g5 28.
Bxd5 exd5 29. Qe2 g4 30. b5 Qe6 31. b6 Bd8 32. Qb2 Qc8 33. Ra1 Ra6 34. Rxa6
bxa6 35. Qb4 Qb7 36. Bd2 Kf7 37. Kf1 Ke6 38. Ke2 Kd7 39. Qa5 Kc8 40. Kd1 Qa8
41. Kc2 Kb7 42. Be1 Be7 1/2-1/2

[Event "ch-city B"]
[Site "Warszawa"]
[Date "2013.05.11"]
[Round "1.2"]
[White "Koziol, Pawel"]
[Black "Kazmierczak, Ewa"]
[Result "1-0"]
[WhiteElo "1883"]
[BlackElo "1532"]
[PlyCount "45"]
[EventDate "2013.05.11"]
[EventType "swiss"]
[EventRounds "9"]
[EventCountry "POL"]

1. d4 d5 2. c4 dxc4 3. Nf3 Nf6 4. e3 e6 5. Bxc4 c5 6. O-O a6 7. a4 Nc6 8. Qe2
cxd4 9. Rd1 Be7 10. exd4 Qc7 11. Nc3 Na5 12. Ba2 O-O 13. Bg5 b6 14. Rac1 Qb8
15. d5 e5 16. Ne4 Nxe4 17. Bxe7 Re8 18. Qxe4 Rxe7 19. d6 Bb7 20. Bd5 Bxd5 21.
Qxd5 Re8 22. Rc7 Rf8 23. b4 1-0

[Event "ch-city B"]
[Site "Warszawa"]
[Date "2013.05.11"]
[Round "1.3"]
[White "Kowal, Cezary"]
[Black "Praczukowski, Stanislaw"]
[Result "0-1"]
[WhiteElo "1516"]
[BlackElo "1859"]
[PlyCount "162"]
[EventDate "2013.05.11"]
[EventType "swiss"]
[EventRounds "9"]
[EventCountry "POL"]

1. e4 c6 2. c4 d5 3. exd5 cxd5 4. d4 Nf6 5. Nc3 e6 6. Nf3 Bb4 7. a3 Bxc3+ 8.
bxc3 O-O 9. Bd3 dxc4 10. Bxc4 Qc7 11. Qd3 b6 12. Bg5 Nbd7 13. O-O Bb7 14. Bb3
Be4 15. Qe3 Rac8 16. c4 Rfe8 17. Ne5 Bf5 18. f4 h6 19. Bh4 Ng4 20. Qf3 Ngxe5
21. fxe5 g5 22. Bg3 Qc6 23. Qh5 Qe4 24. Bf2 Kg7 25. Qd1 Nf8 26. Rc1 Qg4 27. h3
Qxd1 28. Rfxd1 Ng6 29. Re1 Nf4 30. Rc3 Nd3 31. Rd1 Nxf2 32. Kxf2 Red8 33. Bc2
Bxc2 34. Rxc2 Rc7 35. Ke3 b5 36. c5 Rc6 37. Rb2 a6 38. Rd3 Rc7 39. Rb4 Kf8 40.
a4 Rb8 41. Rdb3 Rcb7 42. axb5 axb5 43. Rc3 Ke7 44. c6 Rc7 45. Rc5 Rb6 46. Rbxb5
Rxb5 47. Rxb5 Rxc6 48. Rb7+ Kf8 49. Rb2 Ra6 50. Ke4 Kg7 51. Rf2 Ra1 52. Rd2
Re1+ 53. Kf3 Rf1+ 54. Ke4 Re1+ 55. Kf3 Kg6 56. Rf2 h5 57. g3 Rh1 58. Kg2 Rd1
59. Rf6+ Kg7 60. h4 gxh4 61. Rf4 Rd2+ 62. Kh3 hxg3 63. Kxg3 Rd1 64. Kh4 Rh1+
65. Kg5 Rh2 66. Re4 Rh1 67. Rf4 Rh2 68. Re4 Rg2+ 69. Kxh5 f5 70. exf6+ Kxf6 71.
Rf4+ Ke7 72. Rg4 Rf2 73. Rg5 Kd6 74. Rg8 Kd5 75. Rd8+ Kc6 76. Kg5 Kc7 77. Ra8
Kd7 78. Ra6 Rd2 79. Kf6 Re2 80. Ra5 Rf2+ 81. Ke5 Rf5+ 0-1

[Event "ch-city B"]
[Site "Warszawa"]
[Date "2013.05.11"]
[Round "1.4"]
[White "Milczarek, Robert"]
[Black "Tomczyk, Ryszard"]
[Result "1-0"]
[WhiteElo "1848"]
[BlackElo "1502"]
[PlyCount "157"]
[EventDate "2013.05.11"]
[EventType "swiss"]
[EventRounds "9"]
[EventCountry "POL"]

1. d4 Nf6 2. c4 b6 3. Nc3 Bb7 4. f3 g6 5. e4 d6 6. Be3 Bg7 7. Nh3 O-O 8. Be2
Nbd7 9. Qd2 a6 10. Nf2 c6 11. a4 Qc7 12. O-O Rfd8 13. Bh6 Rf8 14. Bxg7 Kxg7 15.
f4 e5 16. Rad1 Rad8 17. d5 c5 18. Nd3 Rfe8 19. f5 Rg8 20. Rf3 Rh8 21. Rdf1 Rdf8
22. h4 Qd8 23. Rg3 Rfg8 24. h5 Ne8 25. f6+ Nexf6 26. h6+ Kf8 27. Qg5 Ke8 28.
Rgf3 Nh5 29. Qxd8+ Kxd8 30. Rxf7 Rf8 31. Bg4 Bc8 32. Bxh5 gxh5 33. R1f5 Rxf7
34. Rxf7 Ke8 35. Rf5 Nf8 36. Rxh5 Rg8 37. Kf2 Bg4 38. Rh4 Rg5 39. Rh1 Rh5 40.
Ra1 a5 41. Kg3 Bd7 42. Rf1 Rxh6 43. Nf2 Rg6+ 44. Kf3 h6 45. Nh1 Bg4+ 46. Ke3
Bd7 47. Rf2 Nh7 48. g3 h5 49. Rh2 Nf6 50. Rh4 Rg5 51. Kf3 Kf7 52. Nf2 Kg6 53.
Nb5 Bxb5 54. axb5 Kh6 55. g4 Nxg4 56. Nxg4+ Rxg4 57. Rxg4 hxg4+ 58. Kxg4 $11
Kg6 59. b3 Kf6 60. Kh5 Kg7 61. Kg5 Kf7 62. Kf5 Ke7 63. Kg6 Kf8 64. Kf6 Kg8 65.
Ke6 Kg7 66. Kxd6 Kf6 67. Kc7 Kg5 68. d6 Kf4 69. d7 Kxe4 70. d8=Q Ke3 71. Kxb6
e4 72. Kxc5 Ke2 73. Kd4 e3 74. Qe7 Kd2 75. Qxe3+ Kc2 76. Qc3+ Kb1 77. Qd2 a4
78. bxa4 Ka1 79. Kc3 1-0

[Event "ch-city B"]
[Site "Warszawa"]
[Date "2013.05.11"]
[Round "1.5"]
[White "Szymankiewicz, Jan"]
[Black "Starczewska, Malgorzata"]
[Result "0-1"]
[WhiteElo "1481"]
[BlackElo "1829"]
[PlyCount "139"]
[EventDate "2013.05.11"]
[EventType "swiss"]
[EventRounds "9"]
[EventCountry "POL"]

1. e4 g6 2. Nc3 Bg7 3. Nf3 c6 4. d4 d6 5. Be2 Nf6 6. Be3 O-O 7. O-O Qc7 8. Qd2
Ng4 9. Bf4 e5 10. Bg3 Nd7 11. h3 Ngf6 12. Rad1 b5 13. b4 a5 14. a3 axb4 15.
axb4 Bb7 16. Qe3 Rfe8 17. Bd3 Ra3 18. Ne2 exd4 19. Nfxd4 Nxe4 20. f3 Nef6 21.
Qd2 Nd5 22. Bf2 Ne5 23. Bxb5 cxb5 24. Nxb5 Nc4 25. Qg5 Qe7 26. Qxe7 Rxe7 27.
Nxa3 Nxa3 28. Ng3 Nc4 29. Rfe1 Be5 30. Ne4 f5 31. Nd2 Rc7 32. Nxc4 Rxc4 33. b5
Nc3 34. Rd3 Kf8 35. g3 Nxb5 36. f4 Bd4 37. Bxd4 Rxd4 38. Rb3 Bc6 39. Rbe3 Be4
40. c3 Rd2 41. R3e2 Rxe2 42. Rxe2 Nxc3 43. Rd2 Ke7 44. Kf2 Bd5 45. Ke3 Be4 46.
Kd4 Nd5 47. Rb2 Nf6 48. Ra2 Ke6 49. Ra3 Nh5 50. Rc3 h6 51. h4 Kd7 52. Re3 Ng7
53. Ra3 Ne6+ 54. Ke3 d5 55. Ra7+ Kd6 56. Ra6+ Ke7 57. Ra7+ Kf6 58. Rd7 d4+ 59.
Rxd4 Nxd4 60. Kxd4 Bf3 61. Kc5 Ke6 62. Kc4 Bg4 63. Kc5 Bd1 64. Kd4 Kd6 65. Kc4
Bf3 66. Kd4 Bd5 67. Kc3 Kc5 68. Kd3 Be4+ 69. Kc3 Kd5 70. Kd2 0-1

[Event "ch-city B"]
[Site "Warszawa"]
[Date "2013.05.11"]
[Round "1.6"]
[White "Jaskowski, Piotr"]
[Black "Mincewicz, Tomasz"]
[Result "1-0"]
[WhiteElo "1826"]
[BlackElo "1473"]
[PlyCount "71"]
[EventDate "2013.05.11"]
[EventType "swiss"]
[EventRounds "9"]
[EventCountry "POL"]

1. e4 c5 2. Nc3 Nc6 3. g3 d6 4. Bg2 Nf6 5. d3 e6 6. h3 Be7 7. f4 O-O 8. Nf3 a6
9. O-O Rb8 10. g4 b5 11. Ne2 Qb6 12. Be3 Bb7 13. Qd2 Rfd8 14. f5 e5 15. g5 Ne8
16. Ng3 Nd4 17. f6 Nxf3+ 18. Rxf3 Bf8 19. fxg7 Nxg7 20. Raf1 Rd7 21. h4 d5 22.
Rf6 Qc7 23. exd5 Bxd5 24. Bxd5 Rxd5 25. Rxf7 Rd7 26. R7f6 a5 27. Ne4 Nh5 28.
R6f5 c4 29. Qe2 Ng7 30. Nf6+ Kh8 31. Nxd7 Nxf5 32. Nxb8 Nxe3 33. Rxf8+ Kg7 34.
Qxe3 Kxf8 35. Qxe5 Qc8 36. Qh8+ 1-0

[Event "ch-city B"]
[Site "Warszawa"]
[Date "2013.05.11"]
[Round "1.7"]
[White "Wisniewski, Jacek"]
[Black "Zbrzeski, Piotr"]
[Result "1/2-1/2"]
[WhiteElo "1471"]
[BlackElo "1801"]
[PlyCount "75"]
[EventDate "2013.05.11"]
[EventType "swiss"]
[EventRounds "9"]
[EventCountry "POL"]

1. e4 Nf6 2. e5 Nd5 3. d4 d6 4. c4 Nb6 5. exd6 cxd6 6. Nc3 g6 7. Be3 Bg7 8. Rc1
O-O 9. Nf3 Nc6 10. d5 Ne5 11. Nxe5 Bxe5 12. Bd4 Bxd4 13. Qxd4 Re8 14. Be2 Bd7
15. O-O Rc8 16. b3 Qc7 17. Ne4 Bf5 18. Ng3 e5 19. Qh4 Qe7 20. Nxf5 gxf5 21. Qh6
Nd7 22. Rc3 Qf6 23. Qxf6 Nxf6 24. Rf3 f4 25. g3 Ne4 26. gxf4 Nd2 27. Rg3+ Kh8
28. Rd1 exf4 29. Rd3 Rxe2 30. R3xd2 Rce8 31. Kg2 R8e3 32. Kf1 Rxd2 33. Rxd2 Rc3
34. Rd4 f3 35. Ke1 Rc2 36. Rd2 Rc1+ 37. Rd1 Rc2 38. Rd2 1/2-1/2

[Event "ch-city B"]
[Site "Warszawa"]
[Date "2013.05.11"]
[Round "1.8"]
[White "Sawicki, Wojciech"]
[Black "Moscicka, Pola"]
[Result "1-0"]
[WhiteElo "1797"]
[BlackElo "1463"]
[PlyCount "39"]
[EventDate "2013.05.11"]
[EventType "swiss"]
[EventRounds "9"]
[EventCountry "POL"]

1. e4 c5 2. d4 cxd4 3. c3 dxc3 4. Nxc3 Nc6 5. Nf3 e6 6. Bc4 Bb4 7. O-O Nf6 8.
e5 Bxc3 9. bxc3 Ne4 10. Qc2 Nc5 11. Rd1 O-O 12. a4 b6 13. Ba2 Bb7 14. Bb1 g6
15. Bg5 Qc7 16. Bf6 d6 17. Qd2 Nd7 18. Qh6 Nxf6 19. exf6 Qd8 20. Qg7# 1-0

[Event "ch-city B"]
[Site "Warszawa"]
[Date "2013.05.11"]
[Round "1.9"]
[White "Gajewski, Zbigniew"]
[Black "Kacprzak, Karol"]
[Result "0-1"]
[WhiteElo "1455"]
[BlackElo "1792"]
[PlyCount "98"]
[EventDate "2013.05.11"]
[EventType "swiss"]
[EventRounds "9"]
[EventCountry "POL"]

1. e4 d5 2. exd5 Qxd5 3. Nc3 Qa5 4. Nf3 Nf6 5. d4 Bf5 6. Bd2 c6 7. Be2 Nbd7 8.
O-O Qc7 9. a3 e6 10. Nh4 Bg6 11. Nxg6 hxg6 12. h3 Bd6 13. Bf3 Bh2+ 14. Kh1 Nh5
15. Ne2 Ndf6 16. c3 O-O-O 17. Qc2 Bf4 18. Nxf4 Nxf4 19. Bxf4 Qxf4 20. Qd3 e5
21. Qe3 Qxe3 22. fxe3 e4 23. Be2 Rhf8 24. Kg1 Nd5 25. Kf2 f5 26. Bc4 g5 27.
Bxd5 cxd5 28. Ke2 f4 29. exf4 gxf4 30. Rf2 g5 31. Raf1 Rh8 32. Rc1 Rd6 33. Rc2
Kd7 34. Ke1 Rf6 35. Ke2 f3+ 36. Ke1 fxg2 37. Rxg2 Rxh3 38. Rce2 Rf5 39. c4 Kd6
40. cxd5 Kxd5 41. Rg4 e3 42. Reg2 Rh4 43. Ke2 Rxg4 44. Rxg4 Rf4 45. Rxg5+ Kxd4
46. Rg7 Rf2+ 47. Ke1 Rxb2 48. Rg4+ Kd3 49. Kf1 Rb1+ 0-1

[Event "ch-city B"]
[Site "Warszawa"]
[Date "2013.05.11"]
[Round "1.10"]
[White "Traczyk, Pawel"]
[Black "Pacan-Milej, Kosma"]
[Result "1-0"]
[WhiteElo "1780"]
[BlackElo "1405"]
[PlyCount "47"]
[EventDate "2013.05.11"]
[EventType "swiss"]
[EventRounds "9"]
[EventCountry "POL"]

1. b4 e5 2. Bb2 Bxb4 3. Bxe5 Nf6 4. Nf3 Nc6 5. Bb2 d5 6. e3 O-O 7. c4 Re8 8.
Be2 Bf5 9. O-O dxc4 10. Bxc4 Bxb1 11. Rxb1 Ne4 12. d3 Nc5 13. d4 Ne4 14. d5 Na5
15. Qd4 Bf8 16. Bd3 Nc5 17. Bc2 b6 18. Rfd1 Qe7 19. Nh4 Rad8 20. Nf5 Qf6 21.
Qg4 Qg6 22. Ne7+ Rxe7 23. Bxg6 hxg6 24. Qf4 1-0

[Event "ch-city B"]
[Site "Warszawa"]
[Date "2013.05.11"]
[Round "1.11"]
[White "Cuch, Dariusz"]
[Black "Nowak, Edward"]
[Result "0-1"]
[WhiteElo "1397"]
[BlackElo "1766"]
[PlyCount "52"]
[EventDate "2013.05.11"]
[EventType "swiss"]
[EventRounds "9"]
[EventCountry "POL"]

1. e4 Nf6 2. e5 Nd5 3. d4 d6 4. c4 Nb6 5. exd6 exd6 6. b3 Be7 7. Be2 Bf6 8. Be3
Nc6 9. Nf3 Bf5 10. a3 a5 11. Nbd2 O-O 12. O-O Re8 13. Ra2 d5 14. c5 Nd7 15. Bb5
Ncb8 16. Re1 c6 17. Be2 Na6 18. Rb2 Ndxc5 19. Qc1 Nd3 20. Bxd3 Bxd3 21. b4 a4
22. Qc3 Bb5 23. Nf1 Qd6 24. Bg5 Bxg5 25. Nxg5 Qf4 26. Qd2 Rxe1 0-1

[Event "ch-city B"]
[Site "Warszawa"]
[Date "2013.05.11"]
[Round "1.12"]
[White "Kowalczyk, Waldemar"]
[Black "Czorniej, Antonina"]
[Result "1-0"]
[WhiteElo "1747"]
[BlackElo "1394"]
[PlyCount "73"]
[EventDate "2013.05.11"]
[EventType "swiss"]
[EventRounds "9"]
[EventCountry "POL"]

1. d4 Nf6 2. c4 g6 3. Nc3 d5 4. cxd5 Nxd5 5. e4 Nxc3 6. bxc3 Bg7 7. Bc4 O-O 8.
Ne2 c5 9. O-O Nc6 10. Be3 cxd4 11. cxd4 Na5 12. Bd3 b6 13. Qd2 Be6 14. Rac1 Rc8
15. d5 Bd7 16. Bd4 e6 17. Bxg7 Kxg7 18. Rxc8 Qxc8 19. Rc1 Qb8 20. Qc3+ Kg8 21.
Qc7 Qb7 22. Qxb7 Nxb7 23. Rc7 Nc5 24. Rxa7 exd5 25. exd5 Nxd3 26. Rxd7 Ra8 27.
g3 Rxa2 28. Nc3 Rc2 29. Ne4 Kg7 30. Rb7 Rb2 31. d6 Rb1+ 32. Kg2 Ne5 33. f4 Nc4
34. Rc7 b5 35. d7 Rd1 36. Nc5 Nb6 37. d8=Q 1-0

[Event "ch-city B"]
[Site "Warszawa"]
[Date "2013.05.11"]
[Round "1.13"]
[White "Moscicki, Slawomir"]
[Black "Wyszomirski, Krzysztof"]
[Result "1/2-1/2"]
[WhiteElo "1385"]
[BlackElo "1747"]
[PlyCount "49"]
[EventDate "2013.05.11"]
[EventType "swiss"]
[EventRounds "9"]
[EventCountry "POL"]

1. e4 c5 2. Nf3 Nc6 3. d4 cxd4 4. Nxd4 e6 5. Nc3 a6 6. a3 Be7 7. b4 Qc7 8. Nxc6
Qxc6 9. Bb2 Bf6 10. Qd2 Bxc3 11. Bxc3 Qxe4+ 12. Qe2 Qxe2+ 13. Bxe2 f6 14. f4 d5
15. g4 Bd7 16. h4 Ne7 17. g5 O-O 18. gxf6 gxf6 19. Rg1+ Kf7 20. Bh5+ Ng6 21.
O-O-O f5 22. Rg3 Rg8 23. Rdg1 Rac8 24. Be5 Bc6 25. Rg5 1/2-1/2

[Event "ch-city B"]
[Site "Warszawa"]
[Date "2013.05.11"]
[Round "1.14"]
[White "Kaminski, Jan"]
[Black "Kucharski, Jacek"]
[Result "1-0"]
[WhiteElo "1738"]
[BlackElo "1379"]
[PlyCount "89"]
[EventDate "2013.05.11"]
[EventType "swiss"]
[EventRounds "9"]
[EventCountry "POL"]

1. e4 e5 2. Nf3 Nc6 3. Bc4 Bc5 4. b4 Bxb4 5. c3 Bc5 6. d4 exd4 7. O-O Nf6 8.
cxd4 Na5 9. Bxf7+ Kxf7 10. dxc5 Re8 11. e5 Ng8 12. Qd5+ Re6 13. Ng5+ Ke8 14.
Nxe6 dxe6 15. Qxd8+ Kxd8 16. Nc3 Ne7 17. Bg5 h6 18. Rad1+ Bd7 19. Bxe7+ Kxe7
20. Rd3 a6 21. Rfd1 Rd8 22. f4 Nc6 23. Rb1 Bc8 24. Rxd8 Nxd8 25. Kf2 Bd7 26. g4
g6 27. Ne4 Bc6 28. Ke3 Nf7 29. h4 Bd5 30. Nf6 Bc6 31. Kd4 Kf8 32. Rf1 b5 33.
cxb6 cxb6 34. Rb1 b5 35. Kc5 Ba8 36. Kb6 g5 37. hxg5 hxg5 38. Nh7+ Ke7 39. Nxg5
Nh6 40. Rc1 Nxg4 41. Rc7+ Kd8 42. Nxe6+ Ke8 43. Kc5 Nh6 44. Rh7 Nf7 45. Nc7+
1-0

[Event "ch-city B"]
[Site "Warszawa"]
[Date "2013.05.11"]
[Round "1.15"]
[White "Fieducik, Marcin"]
[Black "Slomski, Arkadiusz"]
[Result "0-1"]
[WhiteElo "1361"]
[BlackElo "1725"]
[PlyCount "56"]
[EventDate "2013.05.11"]
[EventType "swiss"]
[EventRounds "9"]
[EventCountry "POL"]

1. d4 e6 2. c4 f5 3. Nf3 Nf6 4. Nc3 Be7 5. e3 O-O 6. Bd3 c6 7. Bd2 d5 8. b3 Ne4
9. Qc2 Nxd2 10. Nxd2 Qc7 11. f4 Nd7 12. O-O-O Nf6 13. h3 Bd7 14. Rdg1 c5 15.
Ne2 Rac8 16. g4 Ne4 17. Kb1 Nxd2+ 18. Qxd2 dxc4 19. Bxc4 b5 20. Bd3 c4 21. Bc2
a5 22. gxf5 Bb4 23. Qd1 Bc6 24. Rh2 cxb3 25. Bxb3 Be4+ 26. Kb2 Bc3+ 27. Nxc3
Qxc3+ 28. Ka3 b4+ 0-1

[Event "ch-city B"]
[Site "Warszawa"]
[Date "2013.05.11"]
[Round "1.16"]
[White "Wrabel, Antoni"]
[Black "Wisniewski, Slawomir"]
[Result "1-0"]
[WhiteElo "1701"]
[BlackElo "1259"]
[PlyCount "77"]
[EventDate "2013.05.11"]
[EventType "swiss"]
[EventRounds "9"]
[EventCountry "POL"]

1. e4 e5 2. Nf3 Nf6 3. Nc3 Nc6 4. Bc4 Nxe4 5. Qe2 Nxc3 6. dxc3 f6 7. a4 d5 8.
Bb3 Be6 9. O-O Bd6 10. Rd1 Ne7 11. Qb5+ c6 12. Qxb7 O-O 13. Qa6 Bg4 14. h3 Bxf3
15. gxf3 Qd7 16. Qf1 Qf5 17. Qg2 Ng6 18. Qg4 Qxg4+ 19. hxg4 f5 20. c4 Ne7 21.
cxd5 cxd5 22. Bg5 Kh8 23. Bxe7 Bxe7 24. Rxd5 f4 25. Rxe5 Bf6 26. Re6 Bxb2 27.
Rd1 Rad8 28. Rde1 Ba3 29. R1e5 Bb2 30. Rh5 Bf6 31. Rf5 Bd4 32. Rh5 Bf6 33. Bc4
g6 34. Rc5 Rd2 35. Be2 Bd4 36. Rc7 Bb6 37. Rb7 Rxc2 38. Ree7 Rb8 39. Rxb8+ 1-0

[Event "ch-city B"]
[Site "Warszawa"]
[Date "2013.05.11"]
[Round "1.17"]
[White "Mantaev, Ruslan"]
[Black "Herman, Monika"]
[Result "0-1"]
[WhiteElo "1224"]
[BlackElo "1693"]
[PlyCount "74"]
[EventDate "2013.05.11"]
[EventType "swiss"]
[EventRounds "9"]
[EventCountry "POL"]

1. d4 Nf6 2. Nf3 e6 3. Nc3 Bb4 4. Bd2 d5 5. e3 Nc6 6. Be2 a6 7. O-O O-O 8. Ne5
Nxe5 9. dxe5 Nd7 10. a3 Be7 11. f4 f6 12. exf6 Bxf6 13. Rb1 Nb6 14. Bd3 Qe8 15.
Ne2 e5 16. fxe5 Bxe5 17. Nf4 Bd7 18. Qh5 Qxh5 19. Nxh5 Rxf1+ 20. Bxf1 Rf8 21.
b3 g6 22. Nf4 d4 23. Nd3 Bg7 24. Nc5 Bc8 25. e4 Re8 26. Bd3 Bf8 27. b4 Bxc5 28.
bxc5 Nd7 29. Bh6 Nxc5 30. Bc4+ Be6 31. Bd3 b5 32. Rf1 Bc4 33. Rf6 Nxd3 34. cxd3
Bxd3 35. e5 c5 36. Rxa6 b4 37. axb4 Bxa6 0-1

[Event "ch-city B"]
[Site "Warszawa"]
[Date "2013.05.12"]
[Round "2.1"]
[White "Slomski, Arkadiusz"]
[Black "Koziol, Pawel"]
[Result "0-1"]
[WhiteElo "1725"]
[BlackElo "1883"]
[PlyCount "86"]
[EventDate "2013.05.11"]
[EventType "swiss"]
[EventRounds "9"]
[EventCountry "POL"]

1. f4 d5 2. Nf3 Bg4 3. e3 Nd7 4. Be2 Ngf6 5. O-O g6 6. d4 Bg7 7. Ne5 Bxe2 8.
Qxe2 Ne4 9. c4 O-O 10. cxd5 Ndf6 11. Nc3 Nxc3 12. bxc3 Qxd5 13. c4 Qa5 14. Rb1
Qa6 15. Qc2 Rfd8 16. Bd2 e6 17. Rb5 Nd7 18. Ra5 Qd6 19. Rb1 b6 20. Rab5 c5 21.
dxc5 Nxc5 22. Bc3 f6 23. Ng4 Qe7 24. Bb4 Rac8 25. Nf2 e5 26. Bxc5 Rxc5 27. Qe4
$11 f5 28. Qc2 exf4 29. exf4 Rdc8 30. Rxc5 Qxc5 31. Rc1 Bd4 32. Qe2 Kf7 33. Kf1
Bxf2 34. Qxf2 b5 35. Qd2 Rc7 36. g3 bxc4 37. Re1 Qc6 38. Kf2 c3 39. Qc2 Rd7 40.
Qb3+ Kg7 41. Re6 Rd2+ 42. Ke3 Qc5+ 43. Kf3 Qf2# 0-1

[Event "ch-city B"]
[Site "Warszawa"]
[Date "2013.05.12"]
[Round "2.2"]
[White "Praczukowski, Stanislaw"]
[Black "Wrabel, Antoni"]
[Result "0-1"]
[WhiteElo "1859"]
[BlackElo "1701"]
[PlyCount "120"]
[EventDate "2013.05.11"]
[EventType "swiss"]
[EventRounds "9"]
[EventCountry "POL"]

1. c4 e6 2. g3 d5 3. d4 dxc4 4. Bg2 c6 5. Nf3 Nf6 6. Ne5 Nbd7 7. Nxc4 Be7 8.
O-O O-O 9. Nc3 Nb6 10. Ne5 Bd7 11. e4 Be8 12. Be3 Nfd7 13. Nxd7 Qxd7 14. Qe2
Rd8 15. a4 Nc8 16. Rfd1 Qc7 17. Rac1 Qa5 18. d5 e5 19. b3 Bb4 $11 20. Na2 Ba3
21. Rb1 Be7 22. Bd2 Qc7 23. Bb4 Bxb4 24. Nxb4 Ne7 25. dxc6 Bxc6 26. Nd5 Bxd5
27. exd5 Nf5 28. Qc4 Qb6 29. b4 Nd6 30. Qc3 Rde8 31. Qc5 Rc8 32. Qxb6 axb6 33.
Rdc1 Rxc1+ 34. Rxc1 Rc8 35. Rxc8+ Nxc8 36. Bf1 Kf8 37. a5 bxa5 38. bxa5 Ke7 39.
Bd3 Kd6 40. Bxh7 Kxd5 41. Kf1 Nd6 42. Bd3 Nc4 43. h4 Nxa5 44. g4 Nc6 45. Bb1 f6
46. Ke2 Nd4+ 47. Ke3 b5 48. f4 b4 49. g5 exf4+ 50. Kxf4 fxg5+ 51. Kxg5 Nf3+ 52.
Kg6 Nxh4+ 53. Kxg7 Nf3 54. Kf6 Nd2 55. Bc2 Kd4 56. Ke6 Nc4 57. Bb1 b3 58. Kd7
Kc3 59. Kc6 Na3 60. Bh7 Nc2 0-1

[Event "ch-city B"]
[Site "Warszawa"]
[Date "2013.05.12"]
[Round "2.3"]
[White "Herman, Monika"]
[Black "Milczarek, Robert"]
[Result "1/2-1/2"]
[WhiteElo "1693"]
[BlackElo "1848"]
[PlyCount "93"]
[EventDate "2013.05.11"]
[EventType "swiss"]
[EventRounds "9"]
[EventCountry "POL"]

1. e4 c5 2. Nf3 e6 3. d4 cxd4 4. Nxd4 a6 5. Nc3 d6 6. g3 Nf6 7. Bg2 Be7 8. O-O
O-O 9. Re1 Qc7 10. Nf3 Nc6 11. a4 Rb8 12. Qe2 Nd7 13. Bg5 Nd4 14. Qd2 Nxf3+ 15.
Bxf3 Ne5 16. Be2 Bxg5 17. Qxg5 Qc5 18. Qd2 b5 19. axb5 axb5 20. Kg2 Bd7 21.
Red1 Rb6 22. Ra7 Rd8 23. Rda1 Bc6 24. Nd5 Bxd5 25. exd5 exd5 26. f4 Nc4 27. Qc1
Ne3+ 28. Kf3 d4 29. Kf2 Nxc2 30. b4 Nxb4 31. Ra8 Rbb8 32. Rxb8 Rxb8 33. Qxc5
dxc5 34. Bxb5 g6 35. Bc4 Rb7 36. Ra8+ Kg7 37. Rc8 Rd7 38. Rxc5 d3 39. Bb3 d2
40. Ke2 Nd3 41. Rd5 Nc1+ 42. Kd1 Re7 43. Bc4 Re4 44. Bb5 Nb3 45. Be2 Nc1 46.
Bb5 Nb3 47. Be2 1/2-1/2

[Event "ch-city B"]
[Site "Warszawa"]
[Date "2013.05.12"]
[Round "2.4"]
[White "Starczewska, Malgorzata"]
[Black "Grzenkowicz, Lukasz"]
[Result "0-1"]
[WhiteElo "1829"]
[BlackElo "1605"]
[PlyCount "110"]
[EventDate "2013.05.11"]
[EventType "swiss"]
[EventRounds "9"]
[EventCountry "POL"]

1. e4 e6 2. d4 d5 3. Nc3 Nf6 4. e5 Nfd7 5. Nce2 c5 6. c3 Nc6 7. Nf3 cxd4 8.
cxd4 Qb6 9. g3 Be7 10. Bg2 O-O 11. O-O Qa6 12. a3 Na5 13. b4 Nc4 14. Bg5 Bxg5
15. Nxg5 h6 16. Nf3 Ndb6 17. Nf4 Qa4 18. Qe2 Nxa3 19. Nh5 Qc2 20. Qe3 Nac4 21.
Qf4 Qe4 22. Qc1 Qf5 23. Nf4 Nd7 24. Re1 b5 25. Bh3 Qh7 26. Nxe6 Ndxe5 27. Nxe5
Bxe6 28. Bf1 Nxe5 29. dxe5 a6 30. Qd2 Rfc8 31. Bd3 Bf5 32. Bxf5 Qxf5 33. Qxd5
Rd8 34. Qe4 Qxe4 35. Rxe4 Rd2 36. Kg2 Kf8 37. Kf3 Ke7 38. Rc1 Rad8 39. Rc7+
R8d7 40. Rxd7+ Kxd7 41. Ke3 Rb2 42. h4 Ke6 43. g4 g5 44. h5 Rb3+ 45. Kd2 Kd5
46. Re1 Rxb4 47. Ra1 Kxe5 48. Rxa6 f6 49. Rb6 Rb2+ 50. Kc3 Rxf2 51. Rxb5+ Kf4
52. Rb4+ Kg3 53. Kd4 Rf4+ 54. Kd5 Rxb4 55. Ke6 Kxg4 0-1

[Event "ch-city B"]
[Site "Warszawa"]
[Date "2013.05.12"]
[Round "2.5"]
[White "Krawiecki, Stanislaw"]
[Black "Jaskowski, Piotr"]
[Result "1/2-1/2"]
[WhiteElo "1629"]
[BlackElo "1826"]
[PlyCount "82"]
[EventDate "2013.05.11"]
[EventType "swiss"]
[EventRounds "9"]
[EventCountry "POL"]

1. e4 d6 2. d4 Nf6 3. Nc3 c6 4. Bg5 Nbd7 5. Qd2 b5 6. Bd3 e5 7. d5 cxd5 8. Nxd5
a6 9. Ne2 Be7 10. Bxf6 Nxf6 11. Nec3 Bb7 12. a4 bxa4 13. Rxa4 O-O 14. O-O Nd7
15. b4 Bg5 16. Qe2 a5 17. Rb1 axb4 18. Raxb4 Bxd5 19. Nxd5 Nc5 20. g3 Ne6 21.
Rb7 Kh8 22. Qf3 Kg8 23. h4 Bf6 24. Bc4 Nc5 25. Nxf6+ Qxf6 26. Qxf6 gxf6 27.
R7b6 Nxe4 28. Bd5 Nc3 29. Bxa8 Nxb1 30. Bg2 Na3 31. Rxd6 Nxc2 32. Rxf6 Nd4 33.
Bd5 Kg7 34. Rd6 h6 35. Kf1 Nf5 36. Rd7 Kf6 37. Ke2 Ne7 38. g4 Ng6 39. g5+ hxg5
40. hxg5+ Kxg5 41. Bxf7 Rb8 1/2-1/2

[Event "ch-city B"]
[Site "Warszawa"]
[Date "2013.05.12"]
[Round "2.6"]
[White "Sobotka, Jan"]
[Black "Sawicki, Wojciech"]
[Result "0-1"]
[WhiteElo "1578"]
[BlackElo "1797"]
[PlyCount "134"]
[EventDate "2013.05.11"]
[EventType "swiss"]
[EventRounds "9"]
[EventCountry "POL"]

1. d4 d5 2. c4 e6 3. Nc3 Nf6 4. Bg5 Nbd7 5. cxd5 exd5 6. Nxd5 Nxd5 7. Bxd8 Bb4+
8. Qd2 Bxd2+ 9. Kxd2 Kxd8 10. e4 N5f6 11. f3 c6 12. Bc4 Ke7 13. Ne2 Nb6 14. Bd3
Be6 15. b3 Rhd8 16. g4 Rac8 17. Ke3 Ne8 18. h4 f6 19. g5 Bf7 20. f4 g6 21. Ng3
Ng7 22. Rae1 c5 23. d5 c4 24. bxc4 Nxc4+ 25. Kd4 Ne6+ 26. Kc3 Nb6+ 27. Kd2 Nxf4
28. gxf6+ Kxf6 29. Ref1 Ke5 30. Ke3 Nxd3 31. Rxf7 Nb4 32. Re7+ Kd6 33. Rxh7
Rc3+ 34. Kf4 Rf8+ 35. Kg4 Nd7 36. h5 Nf6+ 37. Kh4 Nxh7 38. hxg6 Rf4+ 39. Kh5
Nf6+ 40. Kg5 Rxg3+ 41. Kxf4 Rxg6 42. Kf5 Rg2 43. e5+ Kxd5 44. Rd1+ Kc6 45. exf6
Nd5 46. f7 Ne3+ 47. Ke4 Rf2 48. f8=Q Rxf8 49. Rc1+ Kb5 50. Kxe3 Rd8 51. Rc7 Kb6
52. Rc2 Rd7 53. Rc4 Kb5 54. Rc2 Kb4 55. Rg2 Ka3 56. Rc2 Rd6 57. Rc5 b6 58. Rc2
Rd5 59. Ke2 Rb5 60. Rc7 a5 61. Kd1 Kxa2 62. Rc2+ Rb2 63. Rc3 b5 64. Kc1 b4 65.
Rc5 a4 66. Ra5 a3 67. Rh5 b3 0-1

[Event "ch-city B"]
[Site "Warszawa"]
[Date "2013.05.12"]
[Round "2.7"]
[White "Kacprzak, Karol"]
[Black "Budrewicz, Henryk"]
[Result "1-0"]
[WhiteElo "1792"]
[BlackElo "1573"]
[PlyCount "91"]
[EventDate "2013.05.11"]
[EventType "swiss"]
[EventRounds "9"]
[EventCountry "POL"]

1. c4 e6 2. Nc3 b6 3. Nf3 Bb7 4. g3 Nf6 5. Bg2 c5 6. O-O d5 7. cxd5 exd5 8. d4
Be7 9. Ne5 O-O 10. Bg5 cxd4 11. Qxd4 Bc5 12. Qh4 Qd6 13. Bxf6 Qxf6 14. Qxf6
gxf6 15. Ng4 Nd7 16. Bxd5 Bxd5 17. Nxd5 Kg7 18. Rfd1 Rad8 19. a3 h5 20. Nge3
Bxe3 21. Nxe3 Nc5 22. b4 Ne6 23. Nf5+ Kg6 24. Ne7+ Kg7 25. Nc6 Rxd1+ 26. Rxd1
a6 27. Nd4 Nxd4 28. Rxd4 Re8 29. Rd6 Re6 30. Rxe6 fxe6 31. Kg2 Kg6 32. Kf3 f5
33. e4 e5 34. exf5+ Kxf5 35. h3 b5 36. Ke3 Kg5 37. Ke4 Kf6 38. f4 exf4 39. Kxf4
Kg6 40. g4 hxg4 41. Kxg4 Kf6 42. Kf4 Ke6 43. Ke4 Kd6 44. h4 Ke6 45. h5 Kf6 46.
Kd5 1-0